| 000 | 00562nam a2200193Ia 4500 | ||
|---|---|---|---|
| 005 | 20251020182522.0 | ||
| 008 | 200515s9999 xx 000 0 und d | ||
| 082 | _a69:331.823/H21 | ||
| 100 | _aHANOTEAU, P.LEFEVRE, J.POOIREL, J.ROUHIER, F. | ||
| 245 | 0 | _aPrevención de accidentes en la construcción | |
| 260 | _aBarcelona | ||
| 260 | _c1967 | ||
| 500 | _a1 ejemplar | ||
| 520 | _aContribuye a la posibilidad de evitar los accidentes laborales | ||
| 650 | _aLIB | ||
| 650 | _aPREVENCION DE ACCIDENTES | ||
| 650 | _aSEGURIDAD DEL TRABAJO | ||
| 942 | _cLIB | ||
| 999 |
_c1774 _d1774 |
||